[Event "Politiken Cup 33rd"]
[Site "Helsingor"]
[Date "2011.08.04"]
[Round "7"]
[White "Krokay, Urszula"]
[Black "Amarapala, Sherington"]
[Result "1-0"]
[WhiteElo "1940"]
[BlackElo "1709"]
[PlyCount "39"]
[EventDate "2011.07.30"]
[EventType "swiss"]
[EventRounds "10"]
[EventCountry "DEN"]
[SourceTitle "CBM 143 Extra"]
[Source "ChessBase"]
[SourceDate "2011.08.29"]
[SourceVersion "1"]
[SourceVersionDate "2011.08.29"]
[SourceQuality "1"]

1. e4 e5 2. Nf3 Nc6 3. c3 Nf6 4. d4 exd4 5. e5 Nd5 6. Qb3 Nb6 7. cxd4 d5 8. a3
Be7 9. Bd3 Be6 10. Be3 f6 11. Qc2 g6 12. Bb5 Bd7 13. Bd3 a6 14. Bxg6+ hxg6 15.
Qxg6+ Kf8 16. Bh6+ Rxh6 17. Qxh6+ Kf7 18. Qh7+ Ke6 19. Qg6 Be8 20. Ng5+ 1-0

[Event "Nordhausen op 11th"]
[Site "Nordhausen"]
[Date "2011.08.04"]
[Round "2.11"]
[White "Heyder, Florian"]
[Black "Meissel, Jan"]
[Result "1-0"]
[WhiteElo "2139"]
[BlackElo "1839"]
[PlyCount "53"]
[EventDate "2011.08.04"]
[EventType "swiss"]
[EventRounds "7"]
[EventCountry "GER"]
[SourceTitle "OM OTB B 201907"]
[Source "Opening Master"]
[SourceDate "2019.07.06"]
[SourceVersion "2"]
[SourceVersionDate "2019.07.06"]
[SourceQuality "1"]

1. e4 e5 2. Nf3 Nc6 3. c3 Nf6 4. d4 Nxe4 5. d5 Ne7 6. Nxe5 d6 7. Bb5+ c6 8.
dxc6 bxc6 9. Nxc6 Qb6 10. Nd4+ Kd8 11. Be3 Qb7 12. O-O a6 13. Bd3 Nc5 14. b4
Nxd3 15. Qxd3 Nc6 16. Nxc6+ Qxc6 17. Nd2 Bb7 18. f3 Kc7 19. a4 Be7 20. c4 Bf6
21. Ra2 Rhe8 22. b5 Qd7 23. Rc1 Qe6 24. Bf2 Qe2 25. Qa3 Qe7 26. c5 axb5 27. c6
1-0

[Event "Politiken Cup 33rd"]
[Site "Helsingor"]
[Date "2011.08.03"]
[Round "6"]
[White "Merkesvik, Frode"]
[Black "Wahlgren, Christer"]
[Result "1/2-1/2"]
[WhiteElo "1112"]
[BlackElo "1745"]
[PlyCount "96"]
[EventDate "2011.07.30"]
[EventType "swiss"]
[EventRounds "10"]
[EventCountry "DEN"]
[SourceTitle "CBM 143 Extra"]
[Source "ChessBase"]
[SourceDate "2011.08.29"]
[SourceVersion "1"]
[SourceVersionDate "2011.08.29"]
[SourceQuality "1"]

1. e4 Nc6 2. Nf3 e5 3. c3 d5 4. Bb5 Bg4 5. Qa4 Qd6 6. Nxe5 Bd7 7. Nxd7 Qxd7 8.
e5 Nge7 9. d4 O-O-O 10. Be3 Kb8 11. Nd2 a6 12. Bxc6 Nxc6 13. Qc2 Be7 14. O-O
Rdf8 15. b4 g5 16. a4 Nd8 17. Rfb1 b6 18. c4 dxc4 19. Qxc4 Kb7 20. d5 h5 21.
Qe4 f5 22. exf6 Bxf6 23. Bd4 Bxd4 24. Qxd4 Ne6 25. Qe4 Nf4 26. d6+ Qc6 27.
Qxc6+ Kxc6 28. dxc7 Kxc7 29. Kf1 Rd8 30. Ne4 g4 31. g3 Nd3 32. a5 Rhf8 33.
axb6+ Kxb6 34. Ra2 Rd4 35. Nc5 Nxc5 36. bxc5+ Kxc5 37. Rxa6 Rd2 38. Ra5+ Kc4
39. Ra4+ Kc3 40. Rf4 Rxf4 41. gxf4 Rd4 42. Rc1+ Kb4 43. Kg2 Rxf4 44. Rf1 Rf3
45. Re1 Rf5 46. Re2 Kc4 47. h3 gxh3+ 48. Kxh3 Kd4 1/2-1/2

[Event "Vlissingen HZ op 15th"]
[Site "Vlissingen"]
[Date "2011.08.03"]
[Round "6"]
[White "Admiraal, Miguoel"]
[Black "Bottema, Martin"]
[Result "1-0"]
[WhiteElo "2246"]
[BlackElo "2062"]
[PlyCount "63"]
[EventDate "2011.07.30"]
[EventType "swiss"]
[EventRounds "9"]
[EventCountry "NED"]
[SourceTitle "CBM 143 Extra"]
[Source "ChessBase"]
[SourceDate "2011.08.29"]
[SourceVersion "1"]
[SourceVersionDate "2011.08.29"]
[SourceQuality "1"]

1. e4 e5 2. Nf3 Nc6 3. c3 Nf6 4. d4 Nxe4 5. d5 Ne7 6. Nxe5 Ng6 7. Qd4 Qe7 8.
Qxe4 Qxe5 9. Qxe5+ Nxe5 10. Nd2 Be7 11. Nc4 Nxc4 12. Bxc4 d6 13. O-O O-O 14.
Re1 Bf6 15. a4 Bf5 16. a5 Rfe8 17. Rxe8+ Rxe8 18. Be3 a6 19. h3 Bd7 20. Ra3 Kf8
21. Be2 Ke7 22. b4 Ra8 23. c4 c6 24. dxc6 bxc6 25. Bb6 d5 26. Bc5+ Kd8 27. cxd5
cxd5 28. Bf3 Be6 29. Rd3 Kc7 30. Bxd5 Bxd5 31. Rxd5 Bc3 32. Bd6+ 1-0

[Event "ZN-2011-0-01625"]
[Site "Lechenicher SchachServer"]
[Date "2011.07.26"]
[Round "?"]
[White "Newton, Daryl"]
[Black "Klos, Gustav"]
[Result "0-1"]
[WhiteElo "509"]
[BlackElo "478"]
[PlyCount "40"]
[EventDate "2011.07.21"]

1. e4 e5 2. Nf3 Nc6 3. c3 Nf6 4. d4 d5 5. dxe5 Nxe4 6. c4 Be6 7. Be3 Bb4+ 8.
Nbd2 d4 9. Bd3 dxe3 10. fxe3 Qxd3 11. Qe2 O-O-O 12. Rd1 Bxc4 13. Qxd3 Rxd3 14.
g4 Rhd8 15. Kf1 Rxd2+ 16. Kg1 Rxd1+ 17. Kg2 Rxh1 18. Kxh1 Nf2+ 19. Kg2 Nxg4 20.
e4 Ne3+ 0-1

[Event "Kisber op"]
[Site "Kisber"]
[Date "2011.07.24"]
[Round "7"]
[White "Kerekes, Lajos"]
[Black "Urban, Marton Attila"]
[Result "1-0"]
[WhiteElo "1965"]
[BlackElo "1429"]
[PlyCount "53"]
[EventDate "2011.07.21"]
[EventType "swiss"]
[EventRounds "7"]
[EventCountry "HUN"]
[SourceTitle "EXT 2012"]
[Source "ChessBase"]
[SourceDate "2011.11.24"]
[SourceVersion "1"]
[SourceVersionDate "2011.11.24"]
[SourceQuality "1"]

1. e4 e5 2. Nf3 Nc6 3. c3 Nf6 4. d4 exd4 5. e5 Nd5 6. cxd4 d6 7. Bb5 Bd7 8. O-O
Be7 9. Qb3 Nb6 10. Nc3 O-O 11. Re1 dxe5 12. dxe5 Na5 13. Qc2 Bb4 14. Bxd7 Nxd7
15. e6 fxe6 16. Rxe6 Re8 17. Bg5 Be7 18. Nd5 Nc6 19. Rae1 Bxg5 20. Rxe8+ Qxe8
21. Rxe8+ Rxe8 22. h3 Bf4 23. Nxf4 Rc8 24. Ng5 Kf8 25. Qxh7 Nf6 26. Qh8+ Ng8
27. Ng6+ 1-0

[Event "Pardubice TEV op"]
[Site "Pardubice"]
[Date "2011.07.23"]
[Round "2"]
[White "Umanec, Filip"]
[Black "Dolnak, Michal"]
[Result "0-1"]
[WhiteElo "2216"]
[BlackElo "2043"]
[PlyCount "108"]
[EventDate "2011.07.22"]
[EventType "swiss"]
[EventRounds "9"]
[EventCountry "CZE"]
[SourceTitle "EXT 2012"]
[Source "ChessBase"]
[SourceDate "2011.11.24"]
[SourceVersion "1"]
[SourceVersionDate "2011.11.24"]
[SourceQuality "1"]

1. e4 e5 2. Nf3 Nc6 3. c3 Nf6 4. d3 Bc5 5. Be2 d6 6. O-O Bb6 7. Nbd2 a6 8. Nc4
Ba7 9. Bg5 h6 10. Bc1 O-O 11. Qc2 Re8 12. a4 d5 13. Ne3 d4 14. Nc4 Qe7 15. Bd2
Rd8 16. h3 Ne8 17. Nh2 Be6 18. Na3 Nd6 19. Bg4 dxc3 20. bxc3 Rd7 21. Be2 Rad8
22. Nf3 f6 23. Rfb1 Bf7 24. Qc1 Na5 25. c4 b6 26. c5 Nxe4 27. Bxa5 Nxf2 28.
cxb6 cxb6 29. Bxb6 Bxb6 30. Rxb6 Nxd3 31. Qe3 e4 32. Ne1 Qe5 33. Rd1 Nxe1 34.
Rxe1 f5 35. Nc4 Qc7 36. Rc1 Rd4 37. Qc3 Rxc4 38. Bxc4 Qxb6+ 39. Kh1 Bxc4 40.
Qxc4+ Kh8 41. Rf1 Qf6 42. Qc5 f4 43. Qb4 Re8 44. Kg1 f3 45. gxf3 exf3 46. Qg4
Rf8 47. Rf2 Qa1+ 48. Kh2 Qe5+ 49. Kg1 Rf5 50. h4 Qe1+ 51. Rf1 Qe3+ 52. Kh2 Qf4+
53. Qxf4 Rxf4 54. h5 Rxa4 0-1

[Event "Avoine op 26th"]
[Site "Avoine"]
[Date "2011.07.23"]
[Round "1"]
[White "Gesing, Oliver"]
[Black "Monpeurt, Cyrielle"]
[Result "0-1"]
[WhiteElo "2200"]
[BlackElo "1974"]
[PlyCount "78"]
[EventDate "2011.07.23"]
[EventType "swiss"]
[EventRounds "9"]
[EventCountry "FRA"]
[SourceTitle "EXT 2012"]
[Source "ChessBase"]
[SourceDate "2011.11.24"]
[SourceVersion "1"]
[SourceVersionDate "2011.11.24"]
[SourceQuality "1"]

1. e4 e5 2. Nf3 Nc6 3. c3 d5 4. Qa4 Bd7 5. exd5 Nd4 6. Qd1 Nxf3+ 7. Qxf3 Nf6 8.
d3 c6 9. Bg5 cxd5 10. Bxf6 Qxf6 11. Qxf6 gxf6 12. g3 f5 13. Bg2 e4 14. O-O Bb5
15. c4 dxc4 16. Nc3 Bc6 17. dxc4 O-O-O 18. Bh3 Bd7 19. Nd5 Be6 20. Rad1 Bd6 21.
Rfe1 Rhg8 22. Kh1 Kb8 23. b3 h5 24. Nf4 h4 25. Nxe6 fxe6 26. Bg2 Bc5 27. Kg1
hxg3 28. hxg3 Rdf8 29. Kf1 e3 30. Rd7 f4 31. Rxb7+ Kc8 32. Rb5 Bd4 33. gxf4
Rxf4 34. f3 Rh4 35. Re2 Rh2 36. c5 Rhxg2 37. Rxg2 Rxg2 38. Kxg2 e2 39. Rb4 Be3
0-1

[Event "Kisber op"]
[Site "Kisber"]
[Date "2011.07.21"]
[Round "1"]
[White "Kerekes, Lajos"]
[Black "Balogh, Peter"]
[Result "0-1"]
[WhiteElo "1965"]
[BlackElo "1944"]
[PlyCount "86"]
[EventDate "2011.07.21"]
[EventType "swiss"]
[EventRounds "7"]
[EventCountry "HUN"]
[SourceTitle "EXT 2012"]
[Source "ChessBase"]
[SourceDate "2011.11.24"]
[SourceVersion "1"]
[SourceVersionDate "2011.11.24"]
[SourceQuality "1"]

1. e4 e5 2. Nf3 Nc6 3. c3 d5 4. Bb5 dxe4 5. Qa4 exf3 6. Bxc6+ bxc6 7. Qxc6+ Bd7
8. Qxf3 Nf6 9. O-O Bd6 10. h3 O-O 11. d3 Qe8 12. Re1 Bc6 13. Qe2 Qe6 14. Bg5
Nd5 15. Nd2 Qg6 16. Nf3 Nxc3 17. bxc3 Bxf3 18. Qxf3 Qxg5 19. Rab1 Rab8 20. Qe3
Qxe3 21. fxe3 Rb6 22. Rb3 Rfb8 23. Reb1 Rxb3 24. Rxb3 Rxb3 25. axb3 Kf8 26. Kf2
Ke7 27. Kf3 Ke6 28. e4 Ba3 29. b4 a6 30. Ke2 c5 31. bxc5 Bxc5 32. Kd2 f5 33.
Kc2 a5 34. Kb3 f4 35. Ka4 Bb6 36. Kb5 g5 37. Kxb6 a4 38. c4 a3 39. d4 a2 40.
d5+ Kd7 41. c5 a1=Q 42. c6+ Kd6 43. c7 Qb2+ 0-1

[Event "It (open) \"]
[Site "Senta (Serbia)"]
[Date "2011.07.19"]
[Round "5"]
[White "Ridjicki, Nenad"]
[Black "Kormanyos, Akos"]
[Result "0-1"]
[WhiteElo "1809"]
[BlackElo "1680"]
[PlyCount "37"]
[EventDate "2011.??.??"]
[EventRounds "9"]
[EventCountry "SRB"]
[SourceTitle "OM OTB B 201907"]
[Source "Opening Master"]
[SourceDate "2019.07.06"]
[SourceVersion "2"]
[SourceVersionDate "2019.07.06"]
[SourceQuality "1"]

1. e4 e5 2. Nf3 Nc6 3. c3 Nf6 4. Qc2 Be7 5. d4 exd4 6. Nxd4 Nxd4 7. cxd4 O-O 8.
Bd3 d5 9. e5 Ne4 10. f3 Bb4+ 11. Kf1 Qh4 12. Nc3 Ng3+ 13. hxg3 Qxh1+ 14. Kf2 f6
15. exf6 Rxf6 16. Rb1 Bh3 17. Bf1 Rxf3+ 18. Kxf3 Qxf1+ 19. Ke3 0-1

[Event "Senta op-A 15th"]
[Site "Senta"]
[Date "2011.07.19"]
[Round "5"]
[White "Savic, Dragan"]
[Black "Simonyi, Zoltan"]
[Result "1-0"]
[WhiteElo "2160"]
[BlackElo "2227"]
[PlyCount "99"]
[EventDate "2011.07.16"]
[EventType "swiss"]
[EventRounds "9"]
[EventCountry "SRB"]
[SourceTitle "CBM 143 Extra"]
[Source "ChessBase"]
[SourceDate "2011.08.29"]
[SourceVersion "1"]
[SourceVersionDate "2011.08.29"]
[SourceQuality "1"]

1. e4 e5 2. Nf3 Nc6 3. c3 Be7 4. d4 d6 5. d5 Nb8 6. h3 Nf6 7. Bd3 Nbd7 8. Be3
c6 9. dxc6 bxc6 10. O-O O-O 11. c4 Qc7 12. Nc3 Re8 13. Rc1 Rb8 14. b3 Nf8 15.
Bb1 Ne6 16. Qe2 Nd7 17. Rfd1 Ndc5 18. Ne1 a5 19. Qb2 Nd4 20. Nc2 Nce6 21. Nxd4
exd4 22. Bxd4 Nxd4 23. Rxd4 Bf6 24. Rdd1 a4 25. Qc2 axb3 26. axb3 Bg5 27. e5
Rxe5 28. Qxh7+ Kf8 29. Rc2 Bf5 30. Qh8+ Ke7 31. Qxg7 Bxc2 32. Bxc2 Bf6 33. Qg4
d5 34. cxd5 cxd5 35. Nxd5+ Rxd5 36. Rxd5 Qxc2 37. Qd7+ Kf8 38. Qd6+ Kg7 39.
Qxb8 Qe2 40. Qg3+ Kf8 41. Qe3 Qb2 42. Rc5 Kg7 43. Qg3+ Kf8 44. Rc8+ Ke7 45.
Qe3+ Kd7 46. Qe8+ Kd6 47. Rc6+ Kd5 48. Qd7+ Ke4 49. Rc4+ Ke5 50. f4# 1-0

[Event "Fast Ladder"]
[Site "http://gameknot.com/chess.pl?"]
[Date "2011.07.19"]
[Round "?"]
[White "Locathah"]
[Black "Aboveoeuf"]
[Result "0-1"]
[WhiteElo "2102"]
[BlackElo "2355"]
[PlyCount "92"]
[EventDate "2011.??.??"]
[SourceTitle "OM Portal C 201906"]
[Source "Opening Master"]
[SourceDate "2019.06.27"]
[SourceVersion "1"]
[SourceVersionDate "2019.06.27"]
[SourceQuality "1"]

1. e4 e5 2. Nf3 Nc6 3. c3 Nf6 4. d4 exd4 5. e5 Nd5 6. Qb3 Nb6 7. cxd4 d6 8. Bb5
Be7 9. d5 a6 10. Ba4 Nxa4 11. Qxa4 b5 12. Qe4 Na5 13. O-O O-O 14. Re1 Nc4 15.
a4 Bb7 16. exd6 Bxd6 17. Ng5 g6 18. Rd1 Re8 19. Qh4 h5 20. Nc3 Be5 21. axb5
axb5 22. Rxa8 Qxa8 23. Nge4 b4 24. Nb5 Qa4 25. b3 Qxb3 26. Re1 Nd6 27. Nxc7
Nxe4 28. Nxe8 Qxd5 29. f3 Bd4+ 30. Kh1 Nf2+ 31. Qxf2 Bxf2 32. Nf6+ Kg7 33. Nxd5
Bxe1 34. Ne3 Kf6 35. Kg1 Ke5 36. Bb2+ Bc3 37. Bxc3+ bxc3 38. Nc2 Bc8 39. Kf2
Bf5 40. Nb4 c2 41. Na2 Kd4 42. Ke2 Be6 43. Nc1 Kc3 44. g3 Bc4+ 45. Ke3 Kb2 46.
Kd2 f5 0-1

[Event "League division B3"]
[Site "http://gameknot.com/chess.pl?"]
[Date "2011.07.18"]
[Round "?"]
[White "Locathah"]
[Black "Klauno"]
[Result "0-1"]
[WhiteElo "2067"]
[BlackElo "2307"]
[PlyCount "86"]
[EventDate "2011.??.??"]
[SourceTitle "OM Portal C 201906"]
[Source "Opening Master"]
[SourceDate "2019.06.27"]
[SourceVersion "1"]
[SourceVersionDate "2019.06.27"]
[SourceQuality "1"]

1. e4 e5 2. Nf3 Nc6 3. c3 d5 4. Qa4 f6 5. Bb5 Nge7 6. exd5 Qxd5 7. O-O e4 8. c4
Qd8 9. Bxc6+ Nxc6 10. Re1 f5 11. d3 Bb4 12. Bd2 O-O 13. dxe4 fxe4 14. Bxb4 Nxb4
15. Rxe4 Bf5 16. Rd4 Qe7 17. Na3 Rae8 18. Qb3 c5 19. Rdd1 Be4 20. Re1 Qf7 21.
Rad1 Qg6 22. Re3 Nc6 23. Ne1 Nd4 24. Qc3 Bc6 25. Rxd4 cxd4 26. Qxd4 Rxe3 27.
fxe3 Qf5 28. Nf3 Bxf3 29. gxf3 Qxf3 30. Qd5+ Qxd5 31. cxd5 Rf5 32. Nb5 Rxd5 33.
Nd4 Kf7 34. Kf2 Rh5 35. Nf3 Kf6 36. Kg3 Rc5 37. Nd4 Rc1 38. b3 Ke5 39. h4 Ra1
40. a4 Ke4 41. Nb5 Kxe3 42. Nd6 Rg1+ 43. Kh2 Rg4 0-1

[Event "ZN-2011-0-01617"]
[Site "Lechenicher SchachServer"]
[Date "2011.07.17"]
[Round "?"]
[White "Newton, Daryl"]
[Black "Obrien, Glenn"]
[Result "0-1"]
[WhiteElo "509"]
[BlackElo "1052"]
[PlyCount "68"]
[EventDate "2011.07.12"]

1. e4 e5 2. Nf3 Nc6 3. c3 Nf6 4. Bc4 Bc5 5. a3 a6 6. Ng5 O-O 7. Be2 h6 8. d4
exd4 9. h4 hxg5 10. hxg5 Nxe4 11. Bd3 Re8 12. Kf1 Nxf2 13. Kxf2 dxc3+ 14. Kf1
cxb2 15. Bxb2 Qxg5 16. Bc1 Qf6+ 17. Qf3 Qxa1 18. Qh5 Qf6+ 19. Bf5 Kf8 20. Qf3
d6 21. Rh8+ Ke7 22. Qe4+ Be6 23. Rh5 Kd7 24. Nc3 Qxc3 25. Bxe6+ Rxe6 26. Rxc5
Qxc5 27. Qf4 Rf6 28. Ke2 Re8+ 29. Kf3 Qe3+ 30. Bxe3 Rxf4+ 31. Bxf4 Nd4+ 32. Kg4
f5+ 33. Kh4 Re4 34. Kg5 Ne6+ 0-1

[Event "CZE-chT rap"]
[Site "Pardubice"]
[Date "2011.07.16"]
[Round "4"]
[White "Neuman, Petr"]
[Black "Belyakov, Bogdan"]
[Result "1/2-1/2"]
[WhiteElo "2459"]
[BlackElo "2349"]
[PlyCount "63"]
[EventDate "2011.07.14"]
[EventType "team-swiss"]
[EventRounds "7"]
[EventCountry "CZE"]
[SourceTitle "CBM 143 Extra"]
[Source "ChessBase"]
[SourceDate "2011.08.29"]
[SourceVersion "1"]
[SourceVersionDate "2011.08.29"]
[SourceQuality "1"]

1. e4 e5 2. Nf3 Nc6 3. c3 d5 4. d3 Nf6 5. Nbd2 Bd6 6. Be2 O-O 7. O-O a5 8. Re1
Re8 9. Bf1 Ne7 10. d4 Ng6 11. dxe5 Nxe5 12. exd5 Bg4 13. Be2 Bxf3 14. Nxf3 Nfg4
15. Nxe5 Nxe5 16. Be3 f5 17. Qd2 Qh4 18. g3 Qh3 19. f4 Ng4 20. Bxg4 Qxg4 21.
Bd4 h5 22. Qg2 Rad8 23. Be5 Bxe5 24. fxe5 Qc4 25. Rad1 c6 26. Qe2 Qxe2 27. Rxe2
Rxd5 28. Rxd5 cxd5 29. e6 g6 30. Re5 b6 31. Kf2 Kg7 32. a4 1/2-1/2

[Event "It (open) \"]
[Site "Senta (Serbia)"]
[Date "2011.07.16"]
[Round "1"]
[White "Pacal, Mihaly"]
[Black "Pasztor, Sandor S"]
[Result "1-0"]
[WhiteElo "2121"]
[BlackElo "1745"]
[PlyCount "43"]
[EventDate "2011.??.??"]
[EventRounds "9"]
[EventCountry "SRB"]
[SourceTitle "OM OTB B 201907"]
[Source "Opening Master"]
[SourceDate "2019.07.06"]
[SourceVersion "2"]
[SourceVersionDate "2019.07.06"]
[SourceQuality "1"]

1. e4 e5 2. Nf3 Nc6 3. c3 Nf6 4. d4 Nxe4 5. d5 Nb8 6. Nxe5 Bc5 7. Qg4 Qf6 8.
Qxe4 Bxf2+ 9. Kd1 O-O 10. Bd3 Re8 11. Ng4 Rxe4 12. Nxf6+ gxf6 13. Bxe4 d6 14.
Rf1 Bh4 15. Nd2 Bg4+ 16. Nf3 f5 17. Bd3 Nd7 18. Kc2 Bxf3 19. Rxf3 Ne5 20. Rxf5
Nxd3 21. Kxd3 Re8 22. Bg5 1-0

[Event "WC-2014-S-00011"]
[Site "Lechenicher SchachServer"]
[Date "2011.07.16"]
[Round "?"]
[White "Anderskewitz, Ralf"]
[Black "Meulemans, Bart"]
[Result "1/2-1/2"]
[WhiteElo "2271"]
[BlackElo "2166"]
[PlyCount "76"]
[EventDate "2011.07.22"]
[SourceTitle "OM Corr 202003"]
[Source "Opening Master"]
[SourceDate "2019.05.30"]
[SourceVersion "2"]
[SourceVersionDate "2019.05.30"]
[SourceQuality "1"]

1. e4 e5 2. Nf3 Nc6 3. c3 d5 4. Qa4 f6 5. Bb5 Nge7 6. exd5 Qxd5 7. O-O e4 8.
Ne1 Bf5 9. f3 exf3 10. Nxf3 O-O-O 11. d4 Qd7 12. Nh4 Be6 13. Nd2 a6 14. Bd3 Nd5
15. Re1 Kb8 16. Ne4 g5 17. Nf3 h6 18. Nf2 h5 19. Qd1 h4 20. h3 Rg8 21. Qe2 Re8
22. Qf1 Bd6 23. Bd2 Bg3 24. Re2 Nf4 25. Bxf4 Bxf4 26. Ne4 Qg7 27. Rae1 Bc8 28.
Bc4 Rh8 29. Nc5 Rxe2 30. Rxe2 Bd6 31. Ne4 Be7 32. Nf2 f5 33. Bd5 Rh6 34. Qe1
Bd8 35. Re8 Qd7 36. Bb3 g4 37. Nd2 Rd6 38. Nc4 Rg6 1/2-1/2

[Event "X Open A"]
[Site "Bergamo ITA"]
[Date "2011.07.15"]
[Round "1"]
[White "Borgo, Giulio"]
[Black "Gonella, Daniele"]
[Result "1-0"]
[WhiteElo "2404"]
[BlackElo "2067"]
[PlyCount "57"]
[EventDate "2011.07.15"]
[SourceTitle "OM OTB B 201907"]
[Source "Opening Master"]
[SourceDate "2019.07.06"]
[SourceVersion "2"]
[SourceVersionDate "2019.07.06"]
[SourceQuality "1"]

1. e4 e5 2. Nf3 Nc6 3. c3 d5 4. Qa4 Qd6 5. exd5 Qxd5 6. Bc4 Qe4+ 7. Kd1 Be6 8.
Bb5 Qxa4+ 9. Bxa4 f6 10. d3 O-O-O 11. Ke2 Nge7 12. Rd1 Nf5 13. Nbd2 Bc5 14. b4
Bb6 15. Bb3 Bxb3 16. Nxb3 Rd7 17. a4 a5 18. b5 Nce7 19. c4 Bd4 20. Rb1 b6 21.
g4 Nh6 22. h3 Rhd8 23. Bd2 Nf7 24. Nfxd4 exd4 25. f4 Ng6 26. Kf3 Kb7 27. Re1
Nh4+ 28. Kg3 g5 29. c5 1-0

[Event "ESP-ch U14"]
[Site "Padron"]
[Date "2011.07.14"]
[Round "5"]
[White "Gonzalez Fernandez, Pedro"]
[Black "Garcia Acosta, Roger"]
[Result "1-0"]
[WhiteElo "1783"]
[BlackElo "1879"]
[PlyCount "43"]
[EventDate "2011.07.12"]
[EventType "swiss"]
[EventRounds "9"]
[EventCountry "ESP"]
[SourceTitle "CBM 143 Extra"]
[Source "ChessBase"]
[SourceDate "2011.08.29"]
[SourceVersion "1"]
[SourceVersionDate "2011.08.29"]
[SourceQuality "1"]

1. e4 e5 2. Nf3 Nc6 3. c3 Nf6 4. d4 exd4 5. e5 Ne4 6. Qe2 Nxc3 7. bxc3 dxc3 8.
Bg5 Be7 9. Bxe7 Qxe7 10. Nxc3 Qb4 11. Qc2 Nd4 12. Nxd4 Qxd4 13. Be2 Qxe5 14.
O-O O-O 15. Bd3 h6 16. Rfe1 Qa5 17. Nb5 c6 18. Nd6 Qc7 19. Qc5 b6 20. Qf5 g6
21. Qf6 Qd8 22. Re7 1-0

[Event "Samara Polugaevsky Memorial 1st"]
[Site "Samara"]
[Date "2011.07.12"]
[Round "8"]
[White "Rumyantsev, Nikolay"]
[Black "Neverov, Vladimir"]
[Result "1/2-1/2"]
[WhiteElo "1807"]
[BlackElo "1851"]
[PlyCount "89"]
[EventDate "2011.07.05"]
[EventType "swiss"]
[EventRounds "9"]
[EventCountry "RUS"]
[SourceTitle "CBM 143 Extra"]
[Source "ChessBase"]
[SourceDate "2011.08.29"]
[SourceVersion "1"]
[SourceVersionDate "2011.08.29"]
[SourceQuality "1"]

1. e4 e5 2. Nf3 Nc6 3. c3 d5 4. Qa4 Bd7 5. exd5 Nd4 6. Qd1 Nxf3+ 7. Qxf3 Nf6 8.
Bc4 Bc5 9. O-O O-O 10. d4 exd4 11. Bg5 Bg4 12. Qd3 Re8 13. Qc2 Qd6 14. h3 Bh5
15. Nd2 Bg6 16. Qc1 Nxd5 17. cxd4 Bxd4 18. Nf3 Bb6 19. Rd1 c6 20. a3 Be4 21.
Ne1 Bc7 22. g3 Bb6 23. Kf1 Re5 24. b4 Qd7 25. g4 Ree8 26. Ra2 Qd6 27. f4 h6 28.
Bh4 Qxf4+ 29. Qxf4 Nxf4 30. Rd7 Nd5 31. Rxb7 Re6 32. Nd3 g5 33. Bg3 Rae8 34.
Nc5 Rf6+ 35. Kg1 Ne3 36. Ba6 Rf3 37. Kh2 Bd5 38. Ra1 Nc4 39. Re1 Rxe1 40. Bxe1
Rf1 41. Bc3 Rf2+ 42. Kg1 Rf3 43. Rb8+ Kh7 44. Rh8+ Kg6 45. Rg8+ 1/2-1/2

[Event "SVK-ch op-A"]
[Site "Banska Stiavnica"]
[Date "2011.07.12"]
[Round "4"]
[White "Mrva, Vladimir"]
[Black "Gombar, Peter"]
[Result "1-0"]
[WhiteElo "2190"]
[BlackElo "2035"]
[PlyCount "109"]
[EventDate "2011.07.09"]
[EventType "swiss"]
[EventRounds "9"]
[EventCountry "SVK"]
[SourceTitle "CBM 143 Extra"]
[Source "ChessBase"]
[SourceDate "2011.08.29"]
[SourceVersion "1"]
[SourceVersionDate "2011.08.29"]
[SourceQuality "1"]

1. e4 e5 2. Nf3 Nc6 3. c3 Nf6 4. d4 d6 5. d5 Nb8 6. Bd3 Be7 7. h3 O-O 8. O-O c5
9. Qe2 Nbd7 10. Nh2 Re8 11. a4 b6 12. Na3 Nf8 13. a5 Bd7 14. a6 Ng6 15. Bb5
Bxb5 16. Nxb5 Qd7 17. c4 Rf8 18. f4 exf4 19. Bxf4 Ne8 20. Qg4 Qd8 21. Bg3 Nc7
22. Nxc7 Qxc7 23. h4 Qc8 24. Rf5 f6 25. h5 Nh8 26. Qe2 Nf7 27. Ng4 Ne5 28. Ra3
g6 29. hxg6 hxg6 30. Rf4 Nxg4 31. Rxg4 Kg7 32. Bf4 g5 33. Bd2 Kg6 34. Rgg3 Rh8
35. Rh3 Qd7 36. Rag3 Rag8 37. Qd3 Kg7 38. Bc3 Kf7 39. Rxh8 Rxh8 40. Rxg5 fxg5
41. Bxh8 Qc8 42. Qh3 Qxa6 43. Qe6+ Kf8 44. Bg7+ Kxg7 45. Qxe7+ Kh8 46. Qxd6
Qxc4 47. Qh6+ Kg8 48. Qxg5+ Kf7 49. Qf4+ Kg6 50. d6 Qd4+ 51. Kh2 c4 52. Qf5+
Kg7 53. d7 Qd6+ 54. Kh3 Qd3+ 55. Kh4 1-0

[Event "Niedersachsen-ch Seniors op 14th"]
[Site "Bad Bevensen"]
[Date "2011.07.11"]
[Round "7"]
[White "Badenstedt, Hans Dieter"]
[Black "Samarian, Cornel2"]
[Result "1/2-1/2"]
[WhiteElo "1738"]
[BlackElo "1650"]
[PlyCount "60"]
[EventDate "2011.07.05"]
[EventType "swiss"]
[EventRounds "9"]
[EventCountry "GER"]
[SourceTitle "EXT 2012"]
[Source "ChessBase"]
[SourceDate "2011.11.24"]
[SourceVersion "1"]
[SourceVersionDate "2011.11.24"]
[SourceQuality "1"]

1. e4 e5 2. Nf3 Nc6 3. c3 Nf6 4. d4 d6 5. Bg5 h6 6. Bxf6 Qxf6 7. d5 Nd8 8. Bb5+
c6 9. Ba4 Bd7 10. c4 Be7 11. O-O O-O 12. Nc3 Be8 13. b4 a6 14. Bb3 Rc8 15. a4
c5 16. b5 Qg6 17. Bc2 Bd7 18. Ne1 Bg5 19. Ne2 f5 20. f4 Be7 21. Ng3 fxe4 22.
Nxe4 Bf5 23. Qd3 Bxe4 24. Qxe4 Qxe4 25. Bxe4 exf4 26. Ra3 g5 27. Raf3 Nf7 28.
Bf5 Ne5 29. Bxc8 Nxf3+ 30. Rxf3 Rxc8 1/2-1/2

[Event "Myrhorod op"]
[Site "Myrhorod"]
[Date "2011.07.11"]
[Round "5"]
[White "Tantsiura, Marja"]
[Black "Golubka, Petr"]
[Result "0-1"]
[WhiteElo "2138"]
[BlackElo "2409"]
[PlyCount "42"]
[EventDate "2011.07.09"]
[EventType "swiss"]
[EventRounds "9"]
[EventCountry "UKR"]
[SourceTitle "CBM 143 Extra"]
[Source "ChessBase"]
[SourceDate "2011.08.29"]
[SourceVersion "1"]
[SourceVersionDate "2011.08.29"]
[SourceQuality "1"]

1. e4 e5 2. Nf3 Nc6 3. c3 d5 4. Qa4 Bd7 5. exd5 Nd4 6. Qd1 Nxf3+ 7. Qxf3 Nf6 8.
Bc4 e4 9. Qe2 Bd6 10. d3 O-O 11. O-O exd3 12. Bxd3 Re8 13. Qc2 c6 14. Bg5 Bxh2+
15. Kh1 Bd6 16. Bxh7+ Kf8 17. Nd2 Re2 18. Qd3 Re5 19. Ne4 cxd5 20. Nxf6 Rxg5
21. f4 Rh5+ 0-1

[Event "Karl Mala Memorial op 14th"]
[Site "Frankfurt"]
[Date "2011.07.10"]
[Round "6"]
[White "Reitz, Thomas"]
[Black "Lochmann, Tobias"]
[Result "1-0"]
[WhiteElo "1570"]
[BlackElo "744"]
[PlyCount "21"]
[EventDate "2011.07.07"]
[EventType "swiss"]
[EventRounds "7"]
[EventCountry "GER"]
[SourceTitle "EXT 2012"]
[Source "ChessBase"]
[SourceDate "2011.11.24"]
[SourceVersion "1"]
[SourceVersionDate "2011.11.24"]
[SourceQuality "1"]

1. e4 e5 2. Nf3 Nc6 3. c3 Nf6 4. d4 exd4 5. e5 Nd5 6. Bc4 Nb6 7. Bxf7+ Kxf7 8.
Ng5+ Kg8 9. Qb3+ d5 10. exd6+ Nd5 11. Qxd5+ 1-0